Countries That Export the Most Shrimp (Pt.2) - Statistics

General Stats
  • This quiz has been taken 23 times
  • The average score is 9 of 15
Answer Stats
% of World's Frozen
Freshwater Shrimp
Country % Correct
1.7% United States
100%
15.4% Canada
95%
2.9% China
89%
5.3% Russia
84%
0.8% Norway
68%
13.7% Ecuador
63%
0.7% Thailand
63%
6.6% Netherlands
58%
19.7% Denmark
53%
0.8% Faroe Islands
53%
0.7% Germany
53%
24.7% Greenland
53%
1.1% New Zealand
32%
0.7% Morocco
26%
0.5% Guatemala
21%
No matching quizzes found
Score Distribution
Percent of People with Each Score
Percentile by Number Answered
Your Score History
You have not taken this quiz